| 000 | 01334nam a2200325 i 4500 | ||
|---|---|---|---|
| 005 | 20210727153155.0 | ||
| 008 | 280320s2009 ck a sgr d s 0f spa d | ||
| 020 | _a9587042158 | ||
| 040 |
_aCO-BoRNBP _bspa _cCO-BoRNBP _erda |
||
| 041 | 0 | _aspa | |
| 100 | 1 |
_aMontaña Ibáñez, Francisco Antonio, _d1966- |
|
| 245 | 1 | 0 |
_aCuentos de Susana _cFrancisco Montaña Ibáñez ; ilustrador Juan Manuel Ramírez |
| 250 | _aPrimera edición | ||
| 264 | 1 |
_aBogotá _bAlfaguara _c2009 |
|
| 300 |
_a105 páginas _bilustraciones en blanco y negro _c20 cm |
||
| 336 |
_atexto _btxt _2rdacontent |
||
| 337 |
_asin mediación _bn _2rdamedia |
||
| 338 |
_avolumen _bnc _2rdacarrier |
||
| 490 | 0 | _aAlfaguara infantil | |
| 500 | _aIncluye datos biográficos del autor | ||
| 505 | 1 | _aCuentos de Susana -- El primer día -- El tío de Tomás -- Susana sí ve bien -- El colegio de Susana -- Aprender a nadar -- Las telarañas de Susana -- Ya vienen las vacaciones -- Las cosas no están bien | |
| 650 | 1 | 7 |
_aNovela infantil colombiana _ySiglo XX _2LEMB |
| 650 | 1 | 7 |
_aLiteratura infantil colombiana _ySiglo XX _2LEMB |
| 650 | 1 | 7 |
_aCiudades _vNovela infantil _2LEMB |
| 650 | 1 | 7 |
_aUrbanismo _vNovela infantil _2LEMB |
| 650 | 1 | 7 |
_aConflictos _vNovela infantil _2LEMB |
| 700 | 1 |
_aRamírez, Juan Manuel, _eilustrador |
|
| 942 |
_2loc _cBKLIT |
||
| 084 | _aN MON6 | ||
| 999 |
_c3639 _d3639 |
||